000 00398nam a22001697a 4500
003 MPLRDC
005 20220104125644.0
008 210129b ||||| |||| 00| 0 eng d
082 _a947.412 WZ v.225
100 _a王泽著
245 _a老夫子
_c
260 _a
_b玉郎机构有限公司
_c
300 _b
490 _a老夫子漫画;225
650 _a
942 _cBK
_o947.412 WZ v.225
999 _c29091
_d29081